000 02553ncm0a2200397 4500
001 RU\NLR\ONIZ\292551
005 20260215045220.0
035 _a(NLR Aleph) 022722283
071 2 0 _a8248
090 _a13550455
_c13550455
100 _a20220822d1901 u y0rusy50 ca
101 0 _arus
102 _aRU
_aUA
_aPL
125 _az|
128 _armc
145 0 _ac
200 1 _aЛебединая песнь
_bНоты
_e"Я грущу. Если можешь понять..."
_eроманс
_ecanto, piano
_fслова и музыка артистки Императорских театров М. Я. Пуаре, исполненная ею с громадным успехом в пьесе Плещеева "В своей роли"
203 _aМузыка
_bзнаковая
_bвизуальная
_cнепосредственная
210 _aМосква
_cу А. Гутхейль
_aС. Петербург
_cА. Иогансен
_aКиев
_cу Л. Идзиковскаго
_aВаршава
_cу Гебетнер и Вольф
_dcop. 1901
215 _a5 с.
_cцв. ил.
_d32 см
300 _aНа тит. л. ил.: изобр. букет ирисов
313 _aСистематизация документа проведена по изданию - Методика классифицирования музыкальных произведений (нотных изданий) по таблицам Библиотечно-библиографических классификаций : метод. рекомендации / Гос. б-ка СССР им. В.И. Ленина.- М., 1977. Индексу ББК методических рекомендаций присваивается код ББК для научных библиотек - LBC/SL
606 1 _aМузыка вокальная русская
_z19-20 вв.
_jНоты
_2nlr_sh
606 1 _aМузыкальные произведения для голоса с фортепиано
_yРоссия
_z19-20 вв.
_jНоты
_2nlr_sh
606 1 _aРомансы для голоса с фортепиано
_yРоссия
_z19-20 вв.
_jНоты
_2nlr_sh
686 0 _aЩ943.4-42-043.3(28)
700 1 _9z01790
_aПуаре
_bМ. Я.
_f1863-1933
_gМария Яковлевна
_4230
_7ca
790 1 _9z01700
_aPuare
_bM.
_f1863-1933
_gMarija
_4230
_7ba
801 0 _aRU
_bNLR
_c20220822
_gPSBO
801 1 _aRU
_bNLR
_c20220822
_2rusmarc
801 2 _aRU
_bNLR
_c20220822
852 _aNLR
_gМ
_jК-4/5356
_m269869
_t1
942 _cSCORE
980 _aONIZ
980 _aNB